[Event "Kesan op"]
[Site "Kesan"]
[Date "2022.08.03"]
[Round "3"]
[White "Duzgun, Devin Kahraman"]
[Black "Annaberdiev, Meilis"]
[Result "1/2-1/2"]
[WhiteElo "1603"]
[BlackElo "2484"]
[PlyCount "115"]
[EventDate "2022.08.02"]
[EventType "swiss"]
[EventRounds "9"]
[EventCountry "TUR"]
[SourceTitle "CBM 209 Extra"]
[Source "ChessBase"]
[SourceDate "2022.09.30"]
[SourceVersion "1"]
[SourceVersionDate "2022.09.30"]
[SourceQuality "1"]

1. e4 d6 2. d4 Nf6 3. Nc3 g6 4. f4 Bg7 5. Nf3 c5 6. dxc5 Qa5 7. Bd3 Qxc5 8. Qe2 0-0 9. Be3 Qa5 10. 0-0 Nc6 11. h3 Nb4 12. Rae1 Bd7 13. Qf2 Bc6 14. Bd4 Rad8 15. Qh4 Qh5 16. Qf2 b6 17. Bc4 Bb7 18. Ng5 Rc8 19. Be2 Qh6 20. Rc1 Nd7 21. Bxg7 Qxg7 22. a3 Rxc3 23. bxc3 Na2 24. Rce1 Nxc3 25. Bc4 h6 26. Bxf7+ Rxf7 27. Nxf7 Qxf7 28. Qd4 Nb5 29. Qa4 a6 30. Qb4 Nc7 31. e5 a5 32. Qd2 Qd5 33. Qe2 Nf8 34. exd6 exd6 35. Qg4 Qd4+ 36. Kh1 Nd5 37. Re8 Kf7 38. Rfe1 Qf6 39. c4 Nc7 40. R8e7+ Qxe7 41. Rxe7+ Kxe7 42. Qh4+ Ke8 43. Qf6 Nce6 44. Kh2 Ba6 45. Qb2 Nd7 46. Qb1 Nef8 47. Qe4+ Kd8 48. Qa8+ Bc8 49. Qc6 Ba6 50. Qa8+ Bc8 51. Qc6 h5 52. Qxd6 Bb7 53. g4 hxg4 54. hxg4 Kc8 55. f5 gxf5 56. g5 f4 57. Qxf4 Ba6 58. Qg4 1/2-1/2